Columbus Crew players since 2000 - Statistics

General Stats
  • This quiz has been taken 4 times
  • The average score is 171 of 289
Answer Stats
Rank Player Positions Nationality Matches Goals (assists) Period % Correct
129 Cristian Martínez DM 27 1 (2) 2016-2018
100%
59 Cucho Hernández ST 70 44 (19) 2022-2024
100%
231 JJ Williams ST 7 0 (0) 2019-2019
100%
6 Josh Williams CB 182 9 (5) 2012-2014, 2017-2022
100%
255 Mark Williams CB 5 0 (0) 2003-2003
100%
257 Nicolás Hernández ST 5 0 (0) 2008-2008
100%
235 Romario Williams ST 7 1 (0) 2019-2019
100%
271 Abraham Romero GK 2 0 (0) 2024-2024
75%
42 Aidan Morris CM 81 6 (7) 2020-2020, 2022-2024
75%
34 Alexandru Mățan AM 93 5 (11) 2021-2024
75%
196 Amar Sejdić DM 14 0 (0) 2025-2025
75%
118 Andrés Herrera RB 30 5 (2) 2024-2025
75%
238 Andrew Tarbell GK 6 0 (0) 2020-2020
75%
16 Artur DM 135 2 (6) 2017-2022
75%
128 AZ Jackson AM 27 4 (3) 2024-2025
75%
157 Bradley Wright-Phillips ST 21 1 (0) 2021-2021
75%
197 Cesar Ruvalcaba CB 14 1 (0) 2025-2025
75%
1 Chad Marshall CB 253 17 (8) 2004-2013
75%
239 Chris Cadden RB 6 0 (0) 2020-2020
75%
75 Christian Ramirez ST 55 16 (7) 2023-2024
75%
267 Cole Mrowka CM 3 0 (0) 2024-2025
75%
202 Connor Maloney RB 13 0 (2) 2017-2019
75%
133 Dániel Gazdag AM 26 4 (4) 2025-2025
75%
7 Darlington Nagbe CM 172 9 (5) 2020-2025
75%
186 David Guzmán DM 16 0 (0) 2019-2019
75%
192 DeJuan Jones LB 15 2 (1) 2024-2025
75%
44 Derrick Etienne Jr. LW 80 11 (11) 2020-2022
75%
145 Derrick Jones CM 23 0 (1) 2024-2025
75%
54 Diego Rossi AM 73 31 (14) 2023-2025
75%
67 Dilly Duka LM 60 3 (5) 2010-2012, 2016-2016
75%
90 Dylan Chambost AM, CM 44 1 (9) 2024-2025
75%
32 Eloy Room GK 94 0 (0) 2019-2023
75%
11 Ethan Finlay RW 151 30 (26) 2012-2017
75%
209 Evan Bush GK 12 0 (0) 2021-2021, 2024-2025
75%
220 Fanendo Adi ST 9 0 (0) 2020-2020
75%
224 Fatai Alashe DM 8 1 (0) 2020-2020
75%
4 Federico Higuaín AM 193 55 (47) 2012-2019
75%
130 Freddy García AM 27 1 (7) 2002-2003
75%
96 Gastón Sauro CB 39 2 (0) 2015-2016, 2018-2019
75%
182 Giancarlo González CB 17 1 (1) 2014-2014
75%
27 Guillermo Barros Schelotto ST 102 33 (37) 2007-2010
75%
210 Gustavo Vallecilla CB 12 0 (0) 2023-2023
75%
22 Gyasi Zardes ST 107 51 (8) 2018-2022
75%
8 Harrison Afful RB 162 6 (13) 2015-2021
75%
225 Hugo Picard LM 8 0 (0) 2025-2025
75%
148 Ibrahim Aliyu ST 23 3 (3) 2025-2025
75%
45 Jacen Russell-Rowe ST 80 16 (6) 2022-2025
75%
149 James Igbekeme DM 23 0 (0) 2022-2022
75%
217 Jimmy Medranda LB 10 1 (0) 2023-2023
75%
50 John Wilmar Pérez DM 75 12 (15) 2000-2002
75%
9 Jonathan Mensah CB 156 7 (3) 2017-2022
75%
213 Julian Gressel RM 11 1 (1) 2023-2023
75%
91 Julius James CB 43 1 (0) 2011-2012
75%
3 Justin Meram LW 206 38 (30) 2011-2019
75%
47 Kei Kamara ST 77 32 (7) 2006-2007, 2015-2016
75%
115 Kevin Molino RW 31 2 (0) 2021-2023
75%
263 Krisztián Németh ST 4 1 (0) 2020-2020
75%
183 Lassi Lappalainen LW 17 1 (4) 2025-2025
75%
150 Liam Fraser DM 23 0 (0) 2021-2021
75%
33 Lucas Zelarayán AM 94 36 (18) 2020-2023
75%
97 Luis Argudo RW 39 1 (5) 2018-2019
75%
46 Luis Díaz RW 80 6 (11) 2019-2023
75%
48 Malte Amundsen CB 77 5 (6) 2023-2025
75%
82 Marcos González CB 48 1 (1) 2006-2007
75%
165 Mario Rodríguez RW 19 1 (1) 2005-2005
75%
166 Mark Schulte CB 19 0 (0) 2005-2005
75%
56 Max Arfsten LW 72 10 (12) 2023-2025
75%
111 Miguel Berry ST 34 10 (1) 2021-2022
75%
26 Mike Clark DF 103 1 (3) 2000-2003
75%
94 Milos Degenek CB 40 0 (0) 2022-2023
75%
65 Milton Valenzuela LB 62 1 (5) 2018-2018, 2020-2021
75%
40 Mohamed Farsi RM 83 5 (11) 2022-2025
75%
234 Nicholas Hagen GK 7 0 (0) 2024-2025
75%
88 Niko Hansen RW 45 4 (5) 2017-2019
75%
69 Ola Kamara ST 59 34 (7) 2016-2017
75%
41 Patrick Schulte GK 83 0 (1) 2023-2025
75%
10 Pedro Santos RW 153 23 (28) 2017-2022
75%
206 Philip Quinton CB 13 1 (0) 2023-2024
75%
162 Ricardo Clark CM 20 1 (1) 2018-2019
75%
72 Robin Fraser CB 57 0 (0) 2004-2005
75%
170 Robinho RW 19 0 (2) 2019-2019
75%
286 Rob Smith MF 1 0 (1) 2000-2000
75%
98 Rudy Camacho CB 39 1 (1) 2023-2024
75%
179 Saad Abdul-Salaam RB 18 0 (0) 2021-2021
75%
35 Sean Zawadzki CM 89 7 (1) 2022-2025
75%
246 Sebastian Berhalter CM 6 0 (0) 2020-2020
75%
288 Sergio Herrera ST 1 0 (0) 2010-2010
75%
127 Shaun Francis LB 28 0 (2) 2010-2012
75%
30 Steve Clark GK 100 0 (0) 2014-2016
75%
18 Steven Moreira RB 130 4 (16) 2021-2025
75%
248 Tristan Brown LB 6 0 (0) 2025-2025
75%
180 Vito Wormgoor CB 18 0 (0) 2020-2021
75%
21 Waylon Francis LB 127 0 (17) 2014-2017, 2019-2021
75%
259 Wessam Abou Ali ST 5 3 (1) 2025-2025
75%
5 Wil Trapp DM 185 2 (13) 2013-2019
75%
53 Yaw Yeboah RW 74 4 (11) 2022-2024
75%
66 Yevgen Cheberko CB 61 1 (0) 2023-2025
75%
144 Youness Mokhtar LW 24 2 (0) 2019-2020
75%
49 Zack Steffen GK 76 0 (0) 2017-2019
75%
278 Aaron Horton ST 1 0 (0) 2011-2011
50%
77 Aaron Schoenfeld ST 51 5 (3) 2012-2015
50%
107 Aboubacar Keita CB 35 0 (0) 2019-2021
50%
185 Adam Bedell ST 16 2 (0) 2014-2014
50%
92 Adam Jahn ST 41 6 (1) 2016-2018
50%
89 Adam Moffat DM 44 5 (0) 2007-2010
50%
139 Agustín Viana LB 24 1 (0) 2013-2014
50%
51 Alejandro Moreno ST 74 20 (9) 2007-2009
50%
108 Alex Crognale CB 34 1 (1) 2017-2019
50%
266 Alex Grendi DM 3 0 (0) 2009-2009
50%
222 Álex Pineda Chacón ST 8 0 (1) 2003-2003
50%
272 Álvaro Rey RW 2 0 (0) 2014-2014
50%
279 Amro Tarek CB 1 0 (0) 2016-2016
50%
109 Ancil Elcock DF 34 2 (1) 2000-2001
50%
100 Andrés Mendoza ST 37 15 (1) 2010-2011
50%
273 Andrew Peterson DF 2 0 (0) 2007-2008
50%
43 Andy Gruenebaum GK 80 0 (2) 2006-2009, 2011-2013
50%
171 Andy Herrón ST 18 4 (3) 2007-2007
50%
71 Andy Iro CB 58 5 (1) 2008-2011
50%
228 Ante Razov ST 7 1 (1) 2005-2005
50%
93 Ben Speas DM 41 2 (4) 2012-2015
50%
280 Ben Swanson DM 1 0 (0) 2016-2016
50%
58 Bernardo Añor LB 70 12 (1) 2011-2014
50%
181 Bill Gaudette GK 17 0 (0) 2005-2006
50%
119 Brad Evans CB 30 5 (1) 2007-2008
50%
274 Brad Stuver GK 2 0 (0) 2016-2016
50%
161 Brandon Moss LM 20 0 (0) 2006-2006
50%
36 Brian Carroll DM 84 2 (2) 2008-2010
50%
84 Brian Dunseth CB 46 1 (2) 2002-2003
50%
38 Brian Maisonneuve DM 83 10 (3) 2001-2004
50%
57 Brian McBride ST 71 24 (16) 2000-2003
50%
31 Brian West FW 97 16 (19) 2000-2003
50%
201 Carlos Mendes CB 13 0 (0) 2012-2012
50%
132 Cedrick LW 26 2 (0) 2015-2016
50%
78 Chad Barson CB 50 0 (3) 2013-2016
50%
101 Chad McCarty MF 37 1 (1) 2002-2003
50%
172 Chris Birchall RM 18 1 (1) 2012-2012
50%
158 Chris Henderson RM 21 2 (2) 2005-2005
50%
198 Chris Klute LB 14 0 (0) 2015-2015
50%
102 Chris Leitch RB 37 0 (1) 2002-2002, 2006-2006
50%
81 Chris Wingert LB 49 0 (1) 2004-2005
50%
208 Cole Grossman CM 12 1 (0) 2011-2012
50%
260 Conor Casey ST 4 0 (0) 2016-2016
50%
173 Corey Ashe LB 18 0 (1) 2016-2016
50%
153 Cornell Glen ST 22 4 (3) 2005-2005
50%
275 Cory Elenio DM 2 0 (0) 2008-2009
50%
281 Daniel Popik GK 1 0 (0) 2006-2006
50%
112 Daniel Torres LB 33 0 (0) 2002-2003
50%
13 Danny O'Rourke CB 147 0 (5) 2007-2013
50%
110 Danny Szetela CM 34 0 (2) 2004-2007
50%
261 Dan Paladini DM 4 0 (0) 2014-2014
50%
55 Dante Washington ST 72 28 (9) 2000-2002, 2004-2004
50%
191 David Accam RW 15 2 (1) 2019-2019
50%
114 David Testo DM 32 1 (3) 2004-2005
50%
174 Dejan Rusmir AM 18 0 (1) 2011-2011
50%
262 Devin Barclay FW 4 0 (0) 2004-2005
50%
199 Diego Walsh CM 14 1 (0) 2003-2003
50%
85 Dominic Oduro RW 45 13 (5) 2013-2014
50%
223 Dominic Schell FW 8 0 (0) 2000-2000
50%
15 Duncan Oughton DF 136 3 (8) 2001-2004, 2006-2010
50%
2 Eddie Gaven RW 209 35 (22) 2006-2013
50%
23 Edson Buddle ST 106 42 (8) 2001-2005
50%
175 Eduardo Sosa AM 18 1 (0) 2018-2019
50%
249 Edward Opoku ST 5 0 (0) 2018-2018
50%
159 Emanuel Pogatetz CB 21 0 (1) 2014-2015
50%
60 Emilio Rentería ST 69 16 (7) 2009-2012
50%
268 Emil Larsen LW 3 0 (0) 2016-2016
50%
216 Emmanuel Boateng LM 10 0 (0) 2020-2020
50%
28 Emmanuel Ekpo CM 101 5 (7) 2008-2011
50%
95 Eric Brunner CB 39 2 (1) 2009-2010
50%
61 Eric Denton LB 67 3 (6) 2002-2004
50%
86 Eric Gehrig RB 45 0 (1) 2011-2014
50%
240 Éric Scott ST 6 0 (0) 2004-2004
50%
146 Eric Vásquez MF 23 3 (0) 2005-2006
50%
147 Erik Hurtado ST 23 3 (0) 2021-2022
50%
68 Ezra Hendrickson RB 60 2 (2) 2006-2008
50%
282 Fifi Baiden DM 1 0 (0) 2014-2014
50%
14 Frankie Hejduk RB 147 7 (13) 2003-2010
50%
73 Gino Padula LB 56 1 (2) 2008-2010
50%
203 Gláuber CB 13 1 (0) 2013-2013
50%
17 Héctor Jiménez RB 130 2 (12) 2014-2020
50%
229 Hernán Grana RB 7 0 (0) 2015-2015
50%
269 Ian Woan LW 3 0 (0) 2001-2001
50%
204 Isaiah Parente CM 13 0 (0) 2021-2021, 2023-2023
50%
250 Jack McInerney ST 5 2 (1) 2015-2015
50%
124 Jacob Thomas RW 28 2 (2) 2006-2007
50%
62 Jairo Arrieta ST 67 17 (12) 2012-2014
50%
276 Jake Traeger DF 2 0 (1) 2003-2004
50%
251 Jalil Anibaba CB 5 0 (0) 2022-2022
50%
221 Jamal Sutton FW 9 1 (2) 2004-2005
50%
140 Jason Farrell MF 24 3 (0) 2000-2000
50%
39 Jason Garey ST 83 15 (5) 2006-2010
50%
104 Jed Zayner LB 36 0 (0) 2007-2010
50%
12 Jeff Cunningham ST 150 44 (29) 2000-2004, 2011-2011
50%
230 Jeff Matteo MF 7 1 (0) 2002-2003
50%
241 Joe Bendik GK 6 0 (0) 2019-2019
50%
283 Joel Kitamirike CB 1 0 (0) 2006-2006
50%
154 John DeBrito MF 22 0 (0) 2000-2001
50%
122 John Harkes DM 29 0 (3) 2001-2002
50%
187 Johnny Walker GK 16 0 (0) 2005-2005
50%
176 John Wolyniec ST 18 3 (1) 2005-2006
50%
37 Jon Busch GK 84 0 (0) 2002-2006
50%
226 Jon Kempin GK 8 0 (0) 2018-2019
50%
242 Jordan Hamilton ST 6 0 (0) 2019-2020
50%
136 Joseph Ngwenya AM 25 5 (2) 2006-2007
50%
155 José Retiz MF 22 1 (0) 2006-2006
50%
156 Josh Gardner LB 22 2 (2) 2011-2011
50%
125 Jukka Raitala CB 28 0 (1) 2017-2017
50%
284 Keegan Hughes CB 1 0 (0) 2023-2023
50%
164 Kekuta Manneh LW 19 4 (3) 2017-2017
50%
285 Kenny Schoeni GK 1 0 (0) 2009-2009
50%
126 Kevan George CM 28 0 (1) 2012-2015
50%
252 Kevin Adams DF 5 0 (0) 2001-2001
50%
105 Kevin Burns RM 36 0 (0) 2009-2011
50%
253 Kirk Urso DM 5 0 (1) 2012-2012
50%
120 Knox Cameron ST 30 4 (0) 2005-2006
50%
205 Konrad Warzycha CB 13 0 (0) 2013-2013
50%
160 Kristinn Steindórsson AM 21 0 (0) 2015-2015
50%
24 Kyle Martino LM 106 10 (11) 2002-2006
50%
116 Lalas Abubakar CB 31 2 (1) 2017-2019
50%
264 Léandre Griffit CM 4 1 (0) 2010-2011
50%
232 Leonard Bisaku MF 7 1 (0) 2006-2006
50%
151 Manny Lagos LM 23 1 (1) 2004-2005
50%
233 Marc Burch LB 7 0 (1) 2006-2006
50%
211 Marcus Storey LW 12 0 (1) 2005-2005
50%
188 Marino Hinestroza RW 16 2 (0) 2024-2024
50%
137 Mario Gori MF 25 1 (0) 2000-2000
50%
254 Mario Longo MF 5 0 (1) 2001-2001
50%
131 Mark Dougherty GK 27 0 (0) 2000-2001
50%
141 Marlon Hairston RW 24 0 (1) 2021-2022
50%
200 Matías Sánchez DM 14 1 (1) 2013-2013
50%
243 Matt Chulis DF 6 0 (0) 2000-2000
50%
270 Matt Jordan GK 3 0 (0) 2004-2005
50%
189 Matt Lampson GK 16 0 (0) 2012-2013
50%
227 Matt Napoleon GK 8 0 (0) 2000-2000
50%
29 Michael Parkhurst CB 100 0 (4) 2014-2016
50%
193 Michael Ritch ST 15 1 (1) 2003-2004
50%
87 Mike Duhaney LB 45 2 (1) 2000-2001
50%
212 Mike Grella LM 12 1 (1) 2018-2018
50%
76 Mike Lapper CB 52 2 (1) 2000-2002
50%
167 Miles Joseph MF 19 2 (0) 2000-2000
50%
134 Milovan Mirosevic AM 26 4 (1) 2012-2012
50%
256 Miroslaw Rzepa DF 5 0 (0) 2000-2000
50%
142 Mohammed Abu DM 24 0 (0) 2017-2018
50%
79 Mohammed Saeid CM 50 0 (6) 2015-2016
50%
106 Ned Grabavoy LM 36 4 (2) 2006-2007
50%
121 Nelson Akwari CB 30 0 (0) 2003-2004
50%
194 Nemanja Vukovic LB 15 0 (2) 2012-2012
50%
117 Nicolai Næss CB 31 0 (0) 2016-2017
50%
218 Noah Palmer GK 10 0 (0) 2006-2006
50%
214 Olman Vargas ST 11 1 (0) 2012-2012
50%
190 Pat Noonan ST 16 1 (2) 2008-2009
50%
168 Patrick Mullins ST 19 1 (2) 2018-2019
50%
258 Perry Kitchen DM 5 0 (0) 2021-2021
50%
177 Ricardo Guará AM 18 1 (1) 2006-2007
50%
169 Rich Balchan CB 19 1 (0) 2011-2011
50%
135 Ritchie Kotschau CB 26 1 (1) 2006-2006
50%
25 Robbie Rogers LB 106 13 (17) 2007-2011
50%
74 Robert Warzycha RM 56 9 (11) 2000-2002
50%
219 Rodrigo Saravia DM 10 0 (0) 2016-2016
50%
178 Roland Vargas-Aguilera MF 18 0 (1) 2000-2001
50%
277 Romain Gall LW 2 0 (0) 2014-2014
50%
80 Ross Paule DM 50 11 (6) 2003-2004
50%
99 Rusty Pierce CB 39 0 (0) 2006-2007
50%
244 Ryan Coiner ST 6 0 (0) 2006-2006
50%
207 Ryan Finley ST 13 1 (1) 2013-2013
50%
245 Ryan Junge CB 6 0 (0) 2007-2008
50%
236 Ryan Kelly DF 7 0 (0) 2005-2005
50%
63 Sebastián Miranda RB 67 1 (3) 2011-2012
50%
163 Sebastián Rozental ST 20 3 (1) 2006-2006
50%
287 Sergio Campbell CB 1 0 (0) 2015-2015
50%
70 Simon Elliott DM 59 1 (14) 2004-2005
50%
215 Stanton Domenic Mediate DM 11 1 (0) 2005-2005
50%
103 Stefani Miglioranzi DM 37 3 (3) 2007-2008
50%
237 Stephen Armstrong LM 7 0 (0) 2005-2005
50%
195 Stephen Herdsman DF 15 0 (0) 2004-2005
50%
265 Steve Armas MF 4 0 (0) 2000-2000
50%
64 Steven Lenhart ST 63 12 (5) 2008-2010
50%
152 Taha Habroune CM 23 1 (1) 2024-2025
50%
143 Tenywa Bonseu CB 24 0 (2) 2001-2001
50%
184 Tim Ward CB 17 0 (0) 2006-2007
50%
113 Todd Yeagley MF 33 0 (0) 2000-2002
50%
123 Tommy Heinemann ST 29 3 (1) 2011-2012
50%
83 Tom Presthus GK 47 0 (1) 2001-2003
50%
247 Tony Sanneh RB 6 2 (0) 2004-2004
50%
19 Tony Tchani CM 130 8 (14) 2012-2016
50%
289 Trevor Perea MF 1 0 (0) 2003-2003
50%
52 Tyson Wahl CB 74 0 (3) 2013-2016
50%
20 Will Hesmer GK 130 1 (0) 2007-2011
50%
138 Will Sands LB 25 0 (2) 2022-2024
50%
No matching quizzes found
Score Distribution
Percent of People with Each Score
Percentile by Number Answered
Your Score History
You have not taken this quiz